Juventus All-Time Starting XI - Statistics

General Stats
  • This quiz has been taken 270 times
  • The average score is 7 of 13
Answer Stats
Position Player % Correct
GK (2001-18) Gianluigi Buffon
99%
DF (2004-22) Giorgio Chiellini
92%
FW (1993-2012) Alessandro Del Piero
87%
12th player (1996-2001) Zinedine Zidane
66%
MF (2000-09) Pavel Nedvěd
53%
MF (1982-87) Michel Platini
51%
DF (2001-06) Lilian Thuram
45%
Coach (1994-99/2001-04) Marcello Lippi
45%
MF (1990-95) Roberto Baggio
44%
DF (1974-88) Gaetano Scirea
38%
MF (1975-85) Marco Tardelli
23%
FW (1946-61) Giampiero Boniperti
22%
DF (1976-89) Antonio Cabrini
21%
No matching quizzes found
Score Distribution
Percent of People with Each Score
Percentile by Number Answered
Your Score History
You have not taken this quiz